|
|
|
|
| LEADER |
01875nam a2200469 a 4500 |
| 001 |
nkc20122411907 |
| 003 |
CZ PrNK |
| 005 |
20130215091241.0 |
| 007 |
ta |
| 008 |
121025s2009 xr ab e f 000 0 cze |
| 020 |
|
|
|a 978-80-260-3342-4
|q (v knize neuvedeno :
|q brož.)
|
| 040 |
|
|
|a ABA001
|b cze
|
| 041 |
0 |
|
|a cze
|b eng
|b ger
|b pol
|
| 043 |
|
|
|a e-xr---
|b e-xr-mr
|2 czenas
|
| 072 |
|
7 |
|a 502
|x Životní prostředí a jeho ochrana
|2 Konspekt
|9 2
|
| 080 |
|
|
|a 502.2:625.711.6
|2 MRF
|
| 080 |
|
|
|a (437.32-17)
|2 MRF
|
| 080 |
|
|
|a (036)
|2 MRF
|
| 245 |
0 |
0 |
|a Naučná stezka Údolím lapků z Drakova /
|c [texty Kateřina Kočí ... et al.]
|
| 246 |
1 |
|
|i Název v tiráži:
|a Průvodce po Naučné stezce Údolím lapků z Drakova
|
| 246 |
3 |
0 |
|a Údolím lapků z Drakova
|
| 250 |
|
|
|a 2. vyd.
|
| 260 |
|
|
|a [Karlovice] :
|b Actaea, společnost pro přírodu a krajinu ve spolupráci se Správou CHKO Jeseníky a Spolkem Přátelé Vrbenska,
|c 2009
|
| 300 |
|
|
|a 84 s. :
|b il. (převážně barev.), mapy ;
|c 21 cm
|
| 490 |
1 |
|
|a Průvodce
|
| 500 |
|
|
|a Název z obálky
|
| 546 |
|
|
|a Anglická, německá a polská resumé
|
| 650 |
0 |
7 |
|a naučné stezky
|7 ph115423
|z Česko
|2 czenas
|
| 650 |
0 |
9 |
|a nature and education trails
|z Czechia
|2 eczenas
|
| 655 |
|
7 |
|a informační publikace
|7 fd132454
|2 czenas
|
| 655 |
|
9 |
|a information publications
|2 eczenas
|
| 651 |
|
7 |
|a Údolím lapků z Drakova (Česko : naučná stezka)
|7 ge657130
|2 czenas
|
| 651 |
|
9 |
|a Údolím lapků z Drakova (Česko : education trail)
|2 eczenas
|
| 700 |
1 |
|
|a Kočí, Kateřina
|7 xx0021144
|4 aut
|
| 830 |
|
0 |
|a Průvodce (Actaea)
|0 s
|
| 910 |
2 |
|
|a BOA001
|b 2-1298.824
|
| 928 |
9 |
|
|a Správa CHKO Jeseníky
|
| 928 |
9 |
|
|a Spolek Přátelé Vrbenska
|
| 990 |
|
|
|a BK
|
| 995 |
|
|
|a 11
|
| 991 |
|
|
|b 201302
|c NOV
|e n
|
| 996 |
6 |
|
|b 2610536956
|c 2-1298.824
|l MZK
|r Sklad / do 1 hodiny
|n 0
|p p.v.
|w 001310551
|u 000010
|a 1
|e BOA001
|j MZK50
|s P
|